Periodic Table Quiz - First 20 Elements - Statistics

General Stats
  • This quiz has been taken 189,113 times
  • The average score is 16 of 20
Answer Stats
Symbol Element % Correct
H Hydrogen
99%
Li Lithium
95%
Mg Magnesium
93%
C Carbon
91%
N Nitrogen
90%
O Oxygen
89%
He Helium
87%
Be Beryllium
86%
Na Sodium
84%
Ca Calcium
83%
K Potassium
82%
Si Silicon
81%
Al Aluminum
77%
Ar Argon
76%
B Boron
75%
Ne Neon
75%
Cl Chlorine
72%
F Fluorine
71%
S Sulfur
71%
P Phosphorus
69%
No matching quizzes found
Score Distribution
Percent of People with Each Score
Percentile by Number Answered
Your Score History
You have not taken this quiz